Normal view
MARC view
Entry Personal Name
001 - CONTROL NUMBER
- control field: 1143410
003 - CONTROL NUMBER IDENTIFIER
- control field: OSt
005 - DATE AND TIME OF LATEST TRANSACTION
- control field: 20260324112616.0
008 - FIXED-LENGTH DATA ELEMENTS
- fixed length control field: 260324|| aca||aabn | a|a d
040 ## - CATALOGING SOURCE
- Original cataloging agency: OSt
- Transcribing agency: OSt
100 ## - HEADING--PERSONAL NAME
- Personal name: Dr Rajeev Agrawal; Dr Arun Pratap Srivastava; Dr Akihiko Sugiyama
670 ## - SOURCE DATA FOUND
- Source citation: Work cat.: (OSt)1732675: Dr Rajeev Agrawal; Dr Arun Pratap Srivastava; Dr Akihiko Sugiyama, Sustainability in Digital Transformation Era: Driving Innovative & Growth
